| 000 | 00499nam a22001937a 4500 | ||
|---|---|---|---|
| 003 | MPLRDC | ||
| 005 | 20220104142743.0 | ||
| 008 | 210129b ||||| |||| 00| 0 eng d | ||
| 020 | _a978-7-5484-1272-4 | ||
| 082 | _a415.332 SMS | ||
| 100 | _a山门实 | ||
| 245 |
_a高血压居家自疗调养 _c学识盛益 译 |
||
| 250 | _a一版一刷 | ||
| 260 |
_a中国 _b哈尔滨出版社 _c2013 |
||
| 300 | _b161 | ||
| 490 | _a生活实用系列 | ||
| 650 | _a高血压 | ||
| 942 |
_cBK _o415.332 SMS |
||
| 999 |
_c33441 _d33431 |
||